000 00663nam a2200253Ia 4500
003 OSt
005 20221007101348.0
006 a|||||r|||| 00| 0
007 ta
008 221006b |||||||| |||| 00| 0 eng d
024 _a6,307
037 _cTextual
040 _aLCO
_cLCO
_beng
041 _2eng
_aeng
082 _aZ8,181 y7, L2
100 _aSim R.S.
245 0 _aCase book on Australian Company Law
260 _aSydney
_bButterworths Australia
_c1972
300 _a278
650 _aCompany Law
700 _a Mason H.H.
_9702890
942 _hZ8,181 y7, L2
_cTEXL
999 _c1175870
_d1175870